Zákon o zodpovednosti za škodu spôsobenú vadným výrobkom s komentárom

Úplné znenie zákona NR SR č. 294/1999 Z.z. o zodpovednosti za škodu spôsobenú vadným výrobkom s komentárom. Tento zákon zaviedol zodpovednosť každého výrobcu vadného výrobku za škodu spôsobenú takýmto výrobkom na zdraví alebo živote poškodeného, prípadne na inej veci ako je vadný výrobok.

Gespeichert in:
Bibliographische Detailangaben
1. Verfasser: Mezeiová, Viera
Format: Buchkapitel
Sprache:Slowakisch
Schlagworte:
Tags: Tag hinzufügen
Keine Tags, Fügen Sie das erste Tag hinzu!

MARC

LEADER 00000naa a2200000 4500
001 r041276
005 20230919092454.5
041 0 |a slo 
044 |a SK 
245 1 0 |a Zákon o zodpovednosti za škodu spôsobenú vadným výrobkom s komentárom  |c Viera Mezeiová 
520 |a Úplné znenie zákona NR SR č. 294/1999 Z.z. o zodpovednosti za škodu spôsobenú vadným výrobkom s komentárom. Tento zákon zaviedol zodpovednosť každého výrobcu vadného výrobku za škodu spôsobenú takýmto výrobkom na zdraví alebo živote poškodeného, prípadne na inej veci ako je vadný výrobok. 
610 2 0 |a zodpovednosť za vady 
610 2 0 |a výrobky 
610 2 0 |a zákony 
610 2 0 |a komentáre 
610 2 0 |a Slovensko 
610 2 0 |a 1999 
100 1 |a Mezeiová, Viera